| 000 | 00637nam a2200205Ii 4500 | ||
|---|---|---|---|
| 001 | 5311 | ||
| 003 | CO-ViMGA | ||
| 008 | 241108s9999||||xx |||||||||||||| ||und|| | ||
| 040 |
_aCO-ViMGA _bspa _erda _cCO-ViMGA |
||
| 041 | 0 | _aunk | |
| 082 | 0 | 4 | _aC863.09-C875 |
| 100 | 1 |
_aAntonio Curcio Altamar _953561 |
|
| 245 | 1 | 0 | _aEvolución de la Novela en Colombia |
| 264 | 1 | _a[Lugar de publicación no identificado] : Instituto Colombiano de Cultura, 1975 | |
| 300 | _avolumen | ||
| 336 |
_atext _btxt _2rdacontent |
||
| 337 |
_aunmediated _bn _2rdamedia |
||
| 338 |
_avolume _bnc _2rdacarrier |
||
| 940 | _aidficha_siabuc: 5169. -- ficha_no_siabuc:5311 | ||
| 999 |
_c50230 _d50230 |
||